Normal view
MARC view
- الأدب العربي- الشعر العربي- العصر الحديث
Entry Topical Term
001 - CONTROL NUMBER
- control field: 66461
003 - CONTROL NUMBER IDENTIFIER
- control field: JO-AjAnu
005 - DATE AND TIME OF LATEST TRANSACTION
- control field: 20250304110900.0
008 - FIXED-LENGTH DATA ELEMENTS
- fixed length control field: 250304|| aca||babn | a|a d
040 ## - CATALOGING SOURCE
- Original cataloging agency: JO-AjAnu
150 ## - HEADING--TOPICAL TERM
- Topical term or geographic name entry element: الأدب العربي- الشعر العربي- العصر الحديث